| 000 | 00759nam a2200169 i 4500 | ||
|---|---|---|---|
| 001 | 184420 | ||
| 003 | ES-MaACL | ||
| 005 | 20230906222205.0 | ||
| 008 | 150824s1881 it |||| | fre d | ||
| 245 | 0 | 0 |
_aSur l'uniformité de la nomenclature des grandes divisions de l'écorce terrestre _b: second rapport de la Sous-commission italienne. |
| 260 |
_aBologne : _b[s.n.], _c1881 ( _fImp.Fava et Garagnani) |
||
| 300 |
_a14 p. ; _c22 cm. |
||
| 500 | _aEn la p. 14: firmado por: Capellini, Cocchi, Gemmellaro, Zigno Meneghini. | ||
| 650 | 4 |
_aGeología- _vNomenclatores. _9157295 |
|
| 700 | 0 |
_aCapellini, Giovanni. _934832 |
|
| 852 |
_aES-MaACL _jT-899-F-3 _z.- Legado de Federico de Botella y de Hornos _z.- Enc. en un vol. facticio conservando la cub. original |
||
| 999 |
_c184420 _d184420 |
||